| 000 | 01193njm a22002537a 4500 | ||
|---|---|---|---|
| 005 | 20100908141521.0 | ||
| 007 | sd ammalaaahaa | ||
| 008 | 100830t xxu||||| |||| 00| 0 eng d | ||
| 028 |
_aN.51671 _bHis Master's Voice |
||
| 035 | _aGR-01102 | ||
| 040 |
_aSED _cSED |
||
| 100 |
_aMangeshkar,Lata _918698 |
||
| 245 |
_aSeema / _csung by Lata Mangeshkar; Music dtn by Shankar Jaikishan ; Lyric by Hasrat Jaipur _h[sound recording]: |
||
| 246 | _aसीमा / | ||
| 260 |
_aDum Dum, India: _bHis Master 's Voice |
||
| 300 |
_a1 sound disc [GramphoneRecording]: _banalog,33.1/3 rpm _c9.5 in.(MP) _fGramphones Records |
||
| 500 | _aBrief Record | ||
| 505 | _aSide1 सुनो छोटी सी गुडिया की कहानी -१ (Suno chotti se gudiya ki kahani-1) ( Lata Mangeshkar) Side 2 सुनो छोटी सी गुडिया की कहानी -२ (Suno chotti se gudiya ki kahani-2) (Lata Mangeshkar). | ||
| 650 |
_xExperts _zIndia _917446 _aMotion picture music |
||
| 700 |
_aJaikishan,Shankar _918912 |
||
| 700 |
_aHasrat Jaipur _918940 |
||
| 942 |
_2ddc _cGR |
||
| 999 |
_c44514 _d44514 |
||